Visualizzazione normale
Vista MARC
- Vanzina Stefano (=Steno)
di Personal Name
Records bibliografici associati: 1
001 - CONTROL NUMBER
- control field: 40644
003 - CONTROL NUMBER IDENTIFIER
- control field: IT-RoPau
005 - DATE AND TIME OF LATEST TRANSACTION
- control field: 20151126153627.0
008 - FIXED-LENGTH DATA ELEMENTS
- fixed length control field: 151126|| aca||aabn | a|a d
040 ## - CATALOGING SOURCE
- Original cataloging agency: IT-RoPau
- Transcribing agency: IT-RoPau
100 ## - HEADING--PERSONAL NAME
- Personal name: Vanzina Stefano (=Steno)
- Miscellaneous information: Codice regista SPICS: 14505
670 ## - SOURCE DATA FOUND
- Source citation: Work cat.: (IT-RoPau)105303: Vanzina Stefano (=Steno) Codice regista SPICS: 14505, DIO LI FA POI LI ACCOPPIA DIO LI FA POI LI ACCOPPIA (Rif. Codice opera principale : K0470)